000 00389nam a2200145Ia 4500
008 230917s9999||||xx |||||||||||||| ||und||
040 _e55518
_aMAIN
041 _aEnglish
082 _a301.412 R211F
100 _aRay, Bharati, ed
245 0 _aFrom the seans of history: essays on Indian women
260 _aDelhi
_bOxford University Press
_c1995
300 _axii, 294 p.
942 _cBK
999 _c66132
_d66132